000 02242cab a2200277 ab4500
005 20241105063734.0
008 991125c2017 ck fr p o 000 0 spa d
035 _aUPN01000218444
040 _aMX-MxUPN
_bspa
_cMX-MxUPN
_eaacr2
049 _aART-E
100 1 _aRodríguez Bustamante, Alexander
100 1 _ualexander.rodriguezbu@amigo.edu.co
100 1 _aPérez Múnera, Diego Alejandro
100 1 _udiego.perezmu@amigo.edu.co
245 1 0 _aVoz, palabra y escritura
_h[recurso electrónico en línea]
506 0 _aAcceso abierto
520 3 _aEs evidente la importancia de la comunicación en la vida del ser humano, en tanto esta permea y posibilita la relación, el compartir, el encuentro. Desde este punto de vista, y con avances significativos durante el tiempo, es necesario leer esta posibilidad de expresión, a partir de dos vertientes: i) la oralidad, como aquella que se posibilita desde la palabra hablada, con la voz como medio, y adornada por sonidos, tonos, timbre, intensidad, volumen, color; aquella que se evidencia en los grandes relatos o en las simples conversaciones; aquella que construye en los diálogos pacíficos, o destruye en los insultos viscerales; y ii) la escritura, que se gesta desde la palabra plasmada en papel, piedra, procesador de texto, y tantos otros medios que sirven de sustento para fijar las letras, las grafías, los signos de puntuación, y todo aquello que se convierte en el guardián de la memoria. Así las cosas, y en aras de avizorar la importancia de estos vehículos o puentes de la comunicación, el presente artículo, a modo de reflexión, más que de análisis, busca mover fibras y recordar al lector, desde un lenguaje sencillo, lo que la voz, la palabra y la escritura pueden generar en el diario vivir, en tanto se convierten en el camino de encuentro, de creación, de vida. Poiesis
650 4 _aLenguaje
_93841
650 4 _aComunicación
_99285
650 4 _aEscritura
_913353
773 _gNo. 32 (2017), p. 149-157
_tPoiesis: revista electrónica de psicología social
_x1692-0945
856 4 _uhttps://revistas.ucatolicaluisamigo.edu.co/index.php/poiesis/article/view/2307
902 _bLeonor Sotres/081123
905 _aArticulo
942 _cART-E
999 _c190544
_d190544